000 00503nam a2200193Ia 4500
003 OSt
005 20260225102331.0
008 210210b1939 xxu||||| |||| 00| 0 eng d
040 _cAL
041 _aHindi
082 _a861/195
100 _aTRIPATI (Ram Naresh)
_9136541
_dत्रिपाठी राम नरेश.
245 _aMilan
_bमिलान
260 _aIllahabad
_b-
_c1939
650 _aMilan
_9136542
690 _aHindi Poetry
_9136543
906 _a023215
942 _2ddc
_cBK
999 _c148145
_d148145